汉语各方言区最大的三个城市 3 largest cities in each Chinese dialect area - Statistics

General Stats
  • This quiz has been taken 914 times
  • The average score is 41 of 54
Answer Stats
语言/方言 人口 城市 % Correct
官话 1775 北京
99%
北京官话 1775 北京
99%
吴语 1987 上海
97%
东北官话 707 沈阳
96%
粤语 1488 广州
96%
官话 1334 成都
95%
东北官话 550 哈尔滨
95%
冀鲁官话 1093 天津
95%
胶辽官话 609 青岛
95%
西南官话 1334 成都
95%
吴语 399 苏州
95%
闽语 354 福州
95%
湘语 555 长沙
95%
官话 1634 重庆
94%
东北官话 343 长春
94%
兰银官话 289 兰州
94%
西南官话 1634 重庆
94%
晋语 405 太原
94%
粤语 1744 深圳
94%
中原官话 534 郑州
93%
江淮官话 791 南京
93%
江淮官话 378 合肥
93%
吴语 874 杭州
93%
闽语 436 厦门
93%
赣语 335 南昌
93%
冀鲁官话 588 济南
92%
胶辽官话 521 大连
91%
冀鲁官话 442 石家庄
90%
兰银官话 152 银川
90%
胶辽官话 201 烟台
85%
中原官话 928 西安
85%
粤语 995 东莞
83%
闽语 966 台北
79%
西南官话 995 武汉
78%
湘语 132 株洲
73%
徽语 37 黄山
69%
湘语 107 岳阳
66%
北京官话 66 廊坊
65%
客家话 66 梅州
63%
平话 457 南宁
62%
兰银官话 373 乌鲁木齐
60%
晋语 223 呼和浩特
60%
平话 125 桂林
54%
晋语 190 包头
53%
赣语 79 抚州
53%
平话 206 柳州
52%
赣语 68 新余/宜春
47%
客家话 267 惠州
39%
客家话 63 河源
36%
江淮官话 158 南通
30%
北京官话 101 赤峰
24%
中原官话 247 临沂
22%
徽语 15 建德
10%
徽语 17 德兴
3%
No matching quizzes found
Score Distribution
Percent of People with Each Score
Percentile by Number Answered
Your Score History
You have not taken this quiz